ဓါတ် ၆ ပါးသိမ်းဆည်းပုံကျမ်းနှင့်ဓမ္မသံဝေဂဂါထာလင်္ကာများ၊ အဓိပ္ပါယ်ရှင်းလင်းချက်များ / (Record no. 16853)

000 -LEADER
fixed length control field 01339nam a2200229Ia 4500
003 - CONTROL NUMBER IDENTIFIER
control field OSt
005 - DATE AND TIME OF LATEST TRANSACTION
control field 20241104153235.0
007 - PHYSICAL DESCRIPTION FIXED FIELD--GENERAL INFORMATION
fixed length control field ca aa aaaaa
008 - FIXED-LENGTH DATA ELEMENTS--GENERAL INFORMATION
fixed length control field 201103s9999 xx 000 0 und d
040 ## - CATALOGING SOURCE
Transcribing agency SSBUL
041 ## - LANGUAGE CODE
Language code of text/sound track or separate title bur
082 ## - DEWEY DECIMAL CLASSIFICATION NUMBER
Edition number 23
Classification number ၂၉၄.၃၄၄၃၅ ပ
Item number ၉၃၄၅ S-SAT
100 0# - MAIN ENTRY--PERSONAL NAME
Personal name ပဌမဓမ္မနာဒဆရာတော်ဘုရားကြီး။
9 (RLIN) 17418
245 10 - TITLE STATEMENT
Title ဓါတ် ၆ ပါးသိမ်းဆည်းပုံကျမ်းနှင့်ဓမ္မသံဝေဂဂါထာလင်္ကာများ၊ အဓိပ္ပါယ်ရှင်းလင်းချက်များ /
Statement of responsibility, etc. ပဌမဓမ္မနာဒဆရာတော်ဘုရားကြီး၊ မင်းကွန်းတိပိဋကဓရဆရာတော်။
260 ## - PUBLICATION, DISTRIBUTION, ETC.
Place of publication, distribution, etc. မန္တလေး ၊
Name of publisher, distributor, etc. ဒေါ်တင်ကြည်နှင့်သားများပုံနှိပ်တိုက်၊
Date of publication, distribution, etc. ၁၉၇၉။
300 ## - PHYSICAL DESCRIPTION
Extent ၁၀၀ စာမျက်နှာ ၊
Dimensions ၁၈ စင်တီ။
500 ## - GENERAL NOTE
General note S-SAT: Dr. Sai Aung Tun
650 ## - SUBJECT ADDED ENTRY--TOPICAL TERM
Topical term or geographic name entry element ဝိပဿနာ
Topical term or geographic name entry element ဗုဒ္ဓဘာသာ
General subdivision တရားတော်
9 (RLIN) 13507
700 ## - ADDED ENTRY--PERSONAL NAME
Personal name မင်းကွန်းတိပိဋကဓရဆရာတော်
942 ## - ADDED ENTRY ELEMENTS (KOHA)
Source of classification or shelving scheme
Koha item type Book (Short term)
Holdings
Withdrawn status Lost status Source of classification or shelving scheme Damaged status Not for loan Collection code Permanent Location Current Location Shelving location Date acquired Total Checkouts Full call number Barcode Date last seen Price effective from Koha item type Accession
          Special Collections Shan State Buddhist University Library Shan State Buddhist University Library Special Collection Shelves 15/02/2023   ၂၉၄.၃၄၄၃၅ ပ ၉၃၄၅ S-SAT MB00009345 15/02/2023 15/02/2023 Book (Short term) ၉၃၄၅ S-SAT

Library - 09407999929
Admin Office - 09407999979
Dean Office - 09250910768
Registrar Office - 09892297154
Email - [email protected]
Shan State Buddhist University, Phaya Phyu Taunggyi, Shan State, Myanmar.